Resolución de contratos y excepción de pago

Guardat en:
Dades bibliogràfiques
Autor principal: Elgueta Anguita, Augusto (Autor)
Format: Llibre
Idioma:espanyol
Publicat: Santiago Jurídica de Chile 1981
Matèries:
Etiquetes: Afegir etiqueta
Sense etiquetes, Sigues el primer a etiquetar aquest registre!

MARC

LEADER 00000nam a2200000 a 4500
001 UCS1133
003 CL-VaPUC
008 970509e19810000CL |||||||||||||||||spa|d
082 0 4 |a 346.022  |b ELG  |2 21 
100 0 |a Elgueta Anguita, Augusto  |e author  |9 385263 
245 1 0 |a Resolución de contratos y excepción de pago 
300 |a 150 p 
942 |c BK 
945 |d 19970509 00:00:00  |a cmena 
260 |a Santiago  |b Jurídica de Chile  |c 1981 
650 0 |a Obligaciones   |9 255578 
650 0 |a Derecho civil  |9 255013 
650 0 |a Derecho privado  |9 258243 
650 0 |a Contratos  |9 255153 
650 7 |a RESPONSABILIDAD CIVIL  |2 CL-VaPUC  |9 385264 
650 0 |a Derecho comparado  |9 255664 
650 0 |a Derecho romano  |9 255930 
650 7 |a DERECHO CANONICO  |2 CL-VaPUC  |9 385265 
650 0 |a Derecho francés  |9 385145 
650 0 |a Incumplimiento de los contratos   |9 385193 
651 7 |a CHILE  |2 CL-VaPUC  |9 385266 
583 |a last modification  |c 19970509 00:00:00  |k Rodrigo Vera 
999 |c 259236  |d 259234 
952 |0 0  |1 0  |4 0  |6 346_022000000000000_ELG_1981  |7 0  |8 A  |9 283877  |a BIBDER  |b BIBDER  |d 2019-11-19  |i 1844458  |o 346.022 ELG 1981  |p 1844458  |r 2023-01-25  |w 2019-11-19  |y BK  |k DER 
952 |0 0  |1 0  |4 0  |6 346_022000000000000_ELG_1981  |7 0  |8 A  |9 283878  |a BIBDER  |b BIBDER  |d 2019-11-19  |i 1844466  |o 346.022 ELG 1981  |p 1844466  |r 2019-11-19  |w 2019-11-19  |y BK  |k DER